[Event "New Zealand Major Open 2016"]
[Site "Devonport, Auckland NZL"]
[Date "2016.01.07"]
[Round "6.1"]
[White "Fuatai, Fuatai"]
[Black "Kumar, Vinod"]
[Result "1/2-1/2"]
[WhiteElo "1971"]
[BlackElo "1939"]
[PlyCount "24"]
[EventDate "2016.01.02"]

1. e4 c5 2. Nf3 d6 3. d4 cxd4 4. Nxd4 Nf6 5. Nc3 a6 6. Bc4 e6 7. O-O Nc6 8. a4
Be7 9. Bb3 O-O 10. f4 Qc7 11. Be3 Bd7 12. Qf3 Na5 1/2-1/2

[Event "New Zealand Major Open 2016"]
[Site "Devonport, Auckland NZL"]
[Date "2016.01.07"]
[Round "6.2"]
[White "Wells, Clinton A"]
[Black "Krstev, Antonio"]
[Result "1-0"]
[WhiteElo "1931"]
[BlackElo "2046"]
[PlyCount "95"]
[EventDate "2016.01.02"]

1. d4 Nf6 2. c4 d6 3. Nc3 g6 4. e4 Nbd7 5. Nf3 e5 6. Be2 Bg7 7. O-O exd4 8.
Nxd4 Nc5 9. Re1 O-O 10. f3 a5 11. Be3 Re8 12. Bf1 Nh5 13. g4 Nf6 14. Bg5 Ne6
15. Nxe6 Bxe6 16. Qc2 c6 17. Rad1 Qb6+ 18. Be3 c5 19. Nb5 Red8 20. Rd3 h5 21.
h3 Rd7 22. Red1 Bf8 23. Rb3 Qc6 24. Bg5 Nh7 25. Bf4 hxg4 26. fxg4 Ra6 27. Bg2
Qc8 28. Rbd3 Qd8 29. b3 Nf6 30. Qd2 Ne8 31. e5 a4 32. exd6 axb3 33. axb3 Ng7
34. Qe3 Qb6 35. Nc7 Ra2 36. R1d2 Ra1+ 37. Kh2 Qa7 38. Qe4 Qa3 39. Bh6 f5 40.
gxf5 Bxf5 41. Qf4 Nh5 42. Qe3 Ng7 43. Ne8 Nh5 44. Bd5+ Rf7 45. Bxf7+ Kxf7 46.
Bxf8 Qc1 47. Qe7+ Kg8 48. Nf6+ 1-0

[Event "New Zealand Major Open 2016"]
[Site "Devonport, Auckland NZL"]
[Date "2016.01.07"]
[Round "6.3"]
[White "Goh, Sean Christian"]
[Black "Lyall, Simon"]
[Result "1-0"]
[WhiteElo "1739"]
[BlackElo "1811"]
[PlyCount "83"]
[EventDate "2016.01.02"]

1. d4 d5 2. Nf3 Nf6 3. e3 Bf5 4. c4 c6 5. Qb3 Qc7 6. cxd5 Nxd5 7. Nc3 Nxc3 8.
bxc3 e6 9. Ba3 Bxa3 10. Qxa3 Nd7 11. Be2 h6 12. c4 Be4 13. O-O g5 14. Nd2 Bg6
15. e4 Qf4 16. Qe3 e5 17. Qxf4 exf4 18. f3 O-O 19. Nb3 b6 20. Rfd1 Rfd8 21.
Rac1 f6 22. c5 bxc5 23. Nxc5 Nxc5 24. Rxc5 Be8 25. Bc4+ Kg7 26. Bb3 Rd6 27. Ra5
Rd7 28. Ba4 Rb7 29. Rc5 Rb6 30. Bb3 Rd8 31. e5 Rb5 32. Rxb5 cxb5 33. e6 a5 34.
a3 Bc6 35. d5 Ba8 36. e7 Re8 37. d6 Bc6 38. Be6 b4 39. axb4 axb4 40. Re1 b3 41.
d7 b2 42. d8=Q 1-0

[Event "New Zealand Major Open 2016"]
[Site "Devonport, Auckland NZL"]
[Date "2016.01.07"]
[Round "6.4"]
[White "Cooper, Nigel"]
[Black "Post, Martin J"]
[Result "0-1"]
[WhiteElo "1692"]
[BlackElo "1883"]
[PlyCount "72"]
[EventDate "2016.01.02"]

1. d4 d6 2. e4 c6 3. f4 e6 4. Nf3 g6 5. Bd3 Bg7 6. Be3 Nf6 7. c3 Nbd7 8. Nbd2
O-O 9. Nc4 Ng4 10. Bd2 Nb6 11. Ne3 e5 12. h3 Nxe3 13. Bxe3 Re8 14. dxe5 dxe5
15. Nxe5 Qh4+ 16. Kf1 Bxe5 17. fxe5 Rxe5 18. Qf3 f5 19. Bf4 fxe4 20. Bxe4 Bg4
21. Qxg4 Qxg4 22. hxg4 Rxe4 23. g3 Rf8 24. Re1 Rxe1+ 25. Kxe1 Nd5 26. Rf1 Rf6
27. Ke2 Kf7 28. Bg5 Rxf1 29. Kxf1 Nf6 30. Bxf6 Kxf6 31. Kf2 Kg5 32. Kf3 b5 33.
b3 a5 34. a4 bxa4 35. bxa4 c5 36. c4 h6 0-1

[Event "New Zealand Major Open 2016"]
[Site "Devonport, Auckland NZL"]
[Date "2016.01.07"]
[Round "6.5"]
[White "Eade, Don"]
[Black "Pakenham, John"]
[Result "1-0"]
[WhiteElo "1874"]
[BlackElo "1733"]
[PlyCount "57"]
[EventDate "2016.01.02"]

1. e4 e5 2. Nf3 Nf6 3. Nxe5 d6 4. Nf3 Nxe4 5. d4 d5 6. Bd3 Bg4 7. O-O Be7 8.
Re1 f5 9. h3 Bh5 10. Be2 O-O 11. Ne5 Bxe2 12. Qxe2 c6 13. c4 Nd7 14. Bf4 Rc8
15. Nxd7 Qxd7 16. Nc3 Bb4 17. Rac1 Rfe8 18. Qd3 Nxc3 19. bxc3 Bd6 20. Bxd6 Qxd6
21. cxd5 Qxd5 22. c4 Qd7 23. d5 Rxe1+ 24. Rxe1 cxd5 25. cxd5 g6 26. d6 Rc6 27.
Qd5+ Kh8 28. Qd4+ Kg8 29. Re7 1-0

[Event "New Zealand Major Open 2016"]
[Site "Devonport, Auckland NZL"]
[Date "2016.01.07"]
[Round "6.6"]
[White "Michael, Andrew"]
[Black "Aldridge, Alan L"]
[Result "0-1"]
[WhiteElo "1741"]
[BlackElo "1865"]
[PlyCount "60"]
[EventDate "2016.01.02"]

1. e4 c6 2. d4 d5 3. exd5 cxd5 4. Nf3 Nf6 5. Bd3 Nc6 6. O-O Bg4 7. c3 e6 8.
Nbd2 Bd6 9. h3 Bh5 10. Qb3 Qc7 11. Re1 O-O 12. Qc2 Rac8 13. g4 Bg6 14. Bxg6
hxg6 15. Qd3 Rfe8 16. Nf1 Rcd8 17. Be3 e5 18. dxe5 Nxe5 19. Nxe5 Bxe5 20. Bd4
Ne4 21. Kg2 Bf4 22. Re2 Ng5 23. Rae1 Rxe2 24. Rxe2 Ne6 25. Ne3 Qe7 26. Bxa7 Bb8
27. Bxb8 Rxb8 28. Nxd5 Qg5 29. Qe4 Qxd5 30. Kf3 Ng5+ 0-1

[Event "New Zealand Major Open 2016"]
[Site "Devonport, Auckland NZL"]
[Date "2016.01.07"]
[Round "6.7"]
[White "Bryan, Jason"]
[Black "Meng, Richard"]
[Result "1/2-1/2"]
[WhiteElo "1833"]
[BlackElo "1525"]
[PlyCount "134"]
[EventDate "2016.01.02"]

1. d4 Nf6 2. c4 e6 3. Nc3 Bb4 4. Qc2 O-O 5. Bg5 c5 6. dxc5 Bxc5 7. e3 Nc6 8. a3
b6 9. Nf3 Bb7 10. Rd1 Be7 11. Be2 Rc8 12. Nd2 d5 13. O-O Ne5 14. Qb1 Qc7 15.
Bf4 a6 16. cxd5 Nxd5 17. Nxd5 exd5 18. Bg4 Rcd8 19. Rc1 Qb8 20. Nf3 Bd6 21.
Bxe5 Bxe5 22. Nxe5 Qxe5 23. Bf3 Ba8 24. Rfd1 Rd6 25. Rd4 Re8 26. Qd3 b5 27. g3
Red8 28. Bg2 Rc6 29. Rd1 Rcd6 30. e4 g6 31. f4 Qe7 32. e5 R6d7 33. b4 Qe6 34.
Rc1 Qb6 35. h3 Bb7 36. Kh2 Qe6 37. Re1 Re7 38. g4 f6 39. f5 Qb6 40. e6 g5 41.
Rd1 Qd6+ 42. Kh1 Qe5 43. Bxd5 Ba8 44. Bxa8 Rxa8 45. Rd8+ Re8 46. Rxa8 Rxa8 47.
Qd5 Qb8 48. e7+ Kg7 49. Qd8 Qb7+ 50. Rd5 Qc6 51. Qd7 Qxd7 52. Rxd7 Kf7 53. Kg2
Rc8 54. Ra7 Rc2+ 55. Kf1 Rc3 56. Rxa6 Rxh3 57. Re6 Ke8 58. Rxf6 Rxa3 59. Rb6
Kxe7 60. Rxb5 Rg3 61. Rb7+ Kf6 62. Rxh7 Rxg4 63. b5 Kxf5 64. b6 Ke6 65. Kf2 Kd6
66. Kf3 Rb4 67. b7 Kc6 1/2-1/2

[Event "New Zealand Major Open 2016"]
[Site "Devonport, Auckland NZL"]
[Date "2016.01.07"]
[Round "6.8"]
[White "Mukkattu, Philip"]
[Black "Rains, Timothy"]
[Result "0-1"]
[WhiteElo "1733"]
[BlackElo "1819"]
[PlyCount "98"]
[EventDate "2016.01.02"]

1. Nf3 c5 2. d4 cxd4 3. Nxd4 d6 4. e4 a6 5. g3 b6 6. Bg2 Bb7 7. O-O Nd7 8. Re1
e6 9. c4 Qc7 10. b3 Ngf6 11. Bb2 Be7 12. Nc3 O-O 13. Rc1 Rac8 14. f4 Rfd8 15.
g4 Qb8 16. g5 Ne8 17. Qg4 Qa8 18. Nxe6 Nc5 19. Nxd8 Rxd8 20. Rcd1 Nc7 21. Nd5
Nxd5 22. exd5 Bc8 23. Qf3 Bf8 24. Re3 Qa7 25. Rde1 b5 26. Bd4 Qc7 27. cxb5 axb5
28. Re8 Rxe8 29. Rxe8 Qd7 30. Re3 Qd8 31. b4 Na6 32. a3 Bf5 33. Qe2 Qd7 34. Rc3
Nb8 35. Qe3 Qb7 36. Be4 Qd7 37. Bxf5 Qxf5 38. Qf3 Nd7 39. Rc7 Ne5 40. Bxe5 dxe5
41. Rb7 e4 42. Qe3 Qxd5 43. Rb8 Qf5 44. Kf2 g6 45. Qc5 Qxf4+ 46. Kg2 Qxb8 47.
Qd5 Qf4 48. Qxb5 Qf3+ 49. Kg1 Qxa3 0-1

[Event "New Zealand Major Open 2016"]
[Site "Devonport, Auckland NZL"]
[Date "2016.01.07"]
[Round "6.9"]
[White "Booth, Anthony J"]
[Black "Charles, Dion"]
[Result "1/2-1/2"]
[WhiteElo "1766"]
[BlackElo "1629"]
[PlyCount "50"]
[EventDate "2016.01.02"]

1. e4 c5 2. Nf3 e6 3. d4 cxd4 4. Nxd4 a6 5. c4 Qc7 6. Nc3 Nf6 7. f4 d6 8. Be3
Be7 9. Be2 b6 10. O-O Bb7 11. Qd3 Nbd7 12. b4 Rc8 13. Rac1 O-O 14. a3 Qb8 15.
Bf3 Rfd8 16. Qe2 Nf8 17. Bf2 Ng6 18. Bg3 Bf8 19. f5 exf5 20. Nxf5 Ne5 21. Bxe5
dxe5 22. Nd5 Nxd5 23. cxd5 Rxc1 24. Rxc1 Rc8 25. Qd2 Bd6 1/2-1/2

[Event "New Zealand Major Open 2016"]
[Site "Devonport, Auckland NZL"]
[Date "2016.01.07"]
[Round "6.10"]
[White "Picken, Oliver"]
[Black "Gallage K G, Roshan"]
[Result "1-0"]
[WhiteElo "1480"]
[BlackElo "1800"]
[PlyCount "97"]
[EventDate "2016.01.02"]

1. d4 d5 2. Nc3 e6 3. Nf3 Nf6 4. Bf4 Bb4 5. Ne5 Ne4 6. Qd3 Bxc3+ 7. bxc3 f6 8.
Nf3 Nd7 9. Nd2 f5 10. f3 Nef6 11. Nb3 O-O 12. e3 Nh5 13. Bg3 f4 14. exf4 Nxf4
15. Qe3 Qf6 16. Bxf4 Qxf4 17. Qxe6+ Kh8 18. Kf2 Nb6 19. Qe3 Qf7 20. Nc5 Bf5 21.
Bd3 Rae8 22. Qd2 c6 23. Rae1 Nc4 24. Bxc4 dxc4 25. Rxe8 Rxe8 26. Re1 Rxe1 27.
Qxe1 b6 28. Ne4 g6 29. Nd6 Qe6 30. Nxf5 Qxf5 31. Qe5+ Qxe5 32. dxe5 Kg7 33. Ke3
Kf7 34. g4 Ke6 35. Ke4 g5 36. f4 h6 37. f5+ Ke7 38. Kd4 Kd7 39. Kxc4 Ke7 40. a4
a5 41. Kb3 Kd7 42. c4 c5 43. Kc3 Ke7 44. Kd3 Kf7 45. Ke4 Ke7 46. Kd5 Kd7 47.
e6+ Ke7 48. Ke5 b5 49. cxb5 1-0

[Event "New Zealand Major Open 2016"]
[Site "Devonport, Auckland NZL"]
[Date "2016.01.07"]
[Round "6.11"]
[White "George, Sandeep"]
[Black "Li, Rodney Xiang Rei"]
[Result "1-0"]
[WhiteElo "1710"]
[BlackElo "1479"]
[PlyCount "75"]
[EventDate "2016.01.02"]

1. e4 e5 2. Nf3 Nc6 3. d4 exd4 4. Nxd4 Bc5 5. Be3 Qe7 6. Nxc6 bxc6 7. Bxc5 Qxc5
8. Nc3 Nf6 9. Be2 Qb4 10. O-O Nxe4 11. Nxe4 Qxe4 12. Bf3 Qg6 13. Re1+ Kd8 14.
Be4 Qf6 15. Qd3 Rb8 16. b3 Rb6 17. c4 Ba6 18. h3 h6 19. Rad1 d6 20. Qe3 Re8 21.
Qd2 Rb8 22. Bxc6 Re6 23. Bd5 Rxe1+ 24. Rxe1 Kd7 25. Qa5 Rb6 26. b4 c6 27. Qa4
Kc7 28. Bxc6 Rxc6 29. b5 Bxb5 30. cxb5 Rc3 31. Qxa7+ Kd8 32. Qb8+ Kd7 33. Qe8+
Kc7 34. Re7+ Kb6 35. Qb8+ Ka5 36. Qa8+ Kxb5 37. Rb7+ Kc6 38. Rxf7+ 1-0

[Event "New Zealand Major Open 2016"]
[Site "Devonport, Auckland NZL"]
[Date "2016.01.07"]
[Round "6.12"]
[White "Yan, Sarah"]
[Black "Jacobs, Hilton J"]
[Result "1/2-1/2"]
[WhiteElo "1362"]
[BlackElo "1704"]
[PlyCount "130"]
[EventDate "2016.01.02"]

1. d4 d5 2. c4 c6 3. Nc3 Nf6 4. Bf4 e6 5. a3 a5 6. e3 dxc4 7. Bxc4 b5 8. Bd3
Nbd7 9. Nf3 Be7 10. O-O Bb7 11. Bc2 Qb6 12. Re1 c5 13. Bg3 Rd8 14. e4 h6 15.
Qd2 Nh5 16. Rad1 Nxg3 17. hxg3 cxd4 18. Nxd4 b4 19. axb4 Bxb4 20. Qe3 O-O 21.
Re2 Ne5 22. Na4 Qa7 23. Nf3 Qxe3 24. Rxe3 Ng4 25. Rxd8 Rxd8 26. Rd3 Rc8 27. Nc3
Ba6 28. Rd2 Bxc3 29. bxc3 Rxc3 30. e5 g6 31. Ba4 Rc1+ 32. Rd1 Rxd1+ 33. Bxd1
Bb5 34. Bb3 a4 35. Ba2 Be2 36. Nd4 Bd1 37. f4 Kf8 38. Kf1 Ne3+ 39. Kf2 Nc2 40.
Nxc2 Bxc2 41. Ke3 Ke7 42. Kd4 Kd7 43. Kc4 Kc6 44. Kb4 Kb6 45. Bc4 g5 46. Be2
gxf4 47. gxf4 a3 48. Kxa3 Kc5 49. Kb2 Be4 50. Kc3 Kd5 51. Bc4+ Kc5 52. g3 Bc6
53. Kd3 Bf3 54. Kc3 Bg2 55. Bb3 Bf1 56. Ba2 Kc6 57. Kd4 Be2 58. Bb3 Kb5 59. Bc2
Kb4 60. Bh7 Bg4 61. Bd3 Bh5 62. f5 Bg4 63. f6 Bh5 64. Be4 Kb5 65. Bd3+ Kc6
1/2-1/2

[Event "New Zealand Major Open 2016"]
[Site "Devonport, Auckland NZL"]
[Date "2016.01.07"]
[Round "6.14"]
[White "Zhang, Jennifer"]
[Black "Calitz, Hananke"]
[Result "0-1"]
[WhiteElo "1356"]
[BlackElo "1612"]
[PlyCount "82"]
[EventDate "2016.01.02"]

1. e4 e6 2. d4 d5 3. e5 c5 4. c3 Nc6 5. Nf3 Qb6 6. Bd3 Bd7 7. Bc2 Nge7 8. b3
cxd4 9. cxd4 Rc8 10. Bb2 Nb4 11. Nc3 Nec6 12. Bb1 Be7 13. O-O O-O 14. Na4 Qd8
15. a3 Na6 16. Bd3 Nc7 17. Qc2 h6 18. Bc1 Ne8 19. Nc5 Nxd4 20. Nxd4 Bxc5 21.
Qb2 f6 22. Bf4 Qe7 23. Rfc1 fxe5 24. Bxe5 Qg5 25. Nf3 Rxf3 26. Qe2 Rxf2 27.
Qxf2 Bxf2+ 28. Kxf2 Rxc1 29. Ra2 Rd1 30. Be2 Rd2 31. Rxd2 Qxd2 32. b4 Bb5 33.
Kg3 Bxe2 34. Bf4 Qd3+ 35. Kf2 Nf6 36. h3 Ne4+ 37. Kg1 Qd1+ 38. Kh2 h5 39. b5 h4
40. a4 Nf2 41. b6 Qh1# 0-1

[Event "New Zealand Major Open 2016"]
[Site "Devonport, Auckland NZL"]
[Date "2016.01.07"]
[Round "6.15"]
[White "Wang, Aaron Ziwen"]
[Black "Sharma, Akshay"]
[Result "0-1"]
[WhiteElo "1597"]
[BlackElo "1361"]
[PlyCount "70"]
[EventDate "2016.01.02"]

1. c4 e5 2. Nc3 Nf6 3. Nf3 Nc6 4. g3 Be7 5. Bg2 O-O 6. O-O d6 7. d4 exd4 8.
Nxd4 Bd7 9. e4 Ne5 10. Qe2 c6 11. f4 Qb6 12. Be3 Neg4 13. h3 Nxe3 14. Qxe3 Rfe8
15. Qd2 d5 16. e5 Ne4 17. Nxe4 dxe4 18. Kh2 Rad8 19. Nb3 Bxh3 20. Qe2 Bxg2 21.
Kxg2 a5 22. Nc1 Rd4 23. b3 Red8 24. Qg4 c5 25. Kg1 Qg6 26. Qh3 Rd2 27. f5 Qg5
28. Rf4 Rd1+ 29. Kf2 R8d2+ 30. Ke3 f6 31. e6 Bd6 32. Kxe4 Bxf4 33. gxf4 Rd4+
34. Ke3 Qxf4+ 35. Ke2 R4d2# 0-1

[Event "New Zealand Major Open 2016"]
[Site "Devonport, Auckland NZL"]
[Date "2016.01.07"]
[Round "6.16"]
[White "Mallela, Raivath"]
[Black "Hooton, Barry R"]
[Result "1-0"]
[WhiteElo "1265"]
[BlackElo "1593"]
[PlyCount "103"]
[EventDate "2016.01.02"]

1. d4 Nf6 2. c4 e6 3. Nc3 d5 4. cxd5 exd5 5. Bg5 Be7 6. e3 O-O 7. Bd3 h6 8. Bh4
c6 9. Nge2 Nbd7 10. O-O Re8 11. Qc2 Qc7 12. Bf5 Nb6 13. Bg3 Bxf5 14. Qxf5 Qc8
15. Qc2 Nc4 16. Nf4 Nd6 17. h3 Nfe4 18. Nxe4 Nxe4 19. Bh2 Qd7 20. Rac1 Rac8 21.
Qd1 Bd6 22. Nd3 Bxh2+ 23. Kxh2 Qd6+ 24. Kg1 Rc7 25. Qf3 Nd2 26. Qg4 Nxf1 27.
Rxf1 Qe6 28. Qg3 Rce7 29. Nc5 Qf5 30. Rc1 b6 31. Nb3 Qd7 32. Nd2 Re6 33. Nf3
Rc8 34. Nh4 Qd6 35. Qg4 Qf8 36. Nf5 Rg6 37. Ne7+ Qxe7 38. Qxc8+ Qf8 39. Rxc6
Rxc6 40. Qxc6 Qb4 41. Qe8+ Qf8 42. Qd7 Qb4 43. Qd8+ Kh7 44. Qxd5 Qe1+ 45. Kh2
Qxf2 46. Qb3 Qf6 47. d5 Qe5+ 48. Kg1 f5 49. Qd3 g6 50. d6 Qxb2 51. d7 Qc1+ 52.
Kf2 1-0

[Event "New Zealand Major Open 2016"]
[Site "Devonport, Auckland NZL"]
[Date "2016.01.07"]
[Round "6.17"]
[White "Qin, Nicole Shu Yu"]
[Black "Chandraveer, Singh Chauhan"]
[Result "0-1"]
[WhiteElo "1329"]
[BlackElo "1750"]
[PlyCount "62"]
[EventDate "2016.01.02"]

1. d4 e6 2. c4 d5 3. Nc3 Bb4 4. Bd2 Nf6 5. cxd5 exd5 6. e3 O-O 7. Bd3 c5 8.
dxc5 Re8 9. Nge2 Bg4 10. Qc2 Bxc5 11. O-O a6 12. a3 Nc6 13. Rab1 Ba7 14. h3
Bxe2 15. Nxe2 Rc8 16. Qd1 d4 17. exd4 Nxd4 18. Bc3 Nxe2+ 19. Bxe2 Qxd1 20. Bxd1
Ne4 21. Bf3 Nxc3 22. bxc3 Rxc3 23. Rxb7 Bc5 24. a4 Rd8 25. Rb2 Ra3 26. Bc6 g6
27. Re1 Rd6 28. Be8 Kf8 29. Rb7 Rf6 30. Rb2 Bd4 31. Ree2 Bxb2 0-1

[Event "New Zealand Major Open 2016"]
[Site "Devonport, Auckland NZL"]
[Date "2016.01.07"]
[Round "6.18"]
[White "Song, Kate"]
[Black "Vincent, David A"]
[Result "1-0"]
[WhiteElo "1587"]
[BlackElo "1273"]
[PlyCount "103"]
[EventDate "2016.01.02"]

1. e4 e6 2. d4 d5 3. e5 c5 4. c3 Bd7 5. Nf3 Nc6 6. Be2 Qb6 7. a3 a5 8. O-O f6
9. exf6 Nxf6 10. Re1 Be7 11. Bf1 h6 12. g3 cxd4 13. cxd4 O-O 14. Bh3 Nd8 15.
Nc3 Nf7 16. Ne5 Nxe5 17. Rxe5 Rae8 18. Qd3 Bd6 19. Re1 Re7 20. Rb1 Rfe8 21. Bd2
Bc6 22. Bg2 Rf8 23. Ne2 Ne4 24. Be3 Bb5 25. Qb3 a4 26. Qd1 g5 27. Bxe4 dxe4 28.
Nc3 Qa6 29. Nxb5 Qxb5 30. Bd2 Qf5 31. Qe2 Ref7 32. Rf1 e5 33. Bc3 exd4 34. Bxd4
Re8 35. Rbe1 Re6 36. Qc2 b5 37. Re3 Rc7 38. Rc3 Ree7 39. Re1 Rxc3 40. Bxc3 Qe6
41. Qe2 Qf5 42. Qd2 Qe6 43. Qe3 Qd5 44. Qd4 Qxd4 45. Bxd4 Kf7 46. Kf1 Kg6 47.
Rc1 Rc7 48. Rxc7 Bxc7 49. h3 Kf5 50. Ke2 Be5 51. g4+ Kf4 52. Be3# 1-0

[Event "New Zealand Major Open 2016"]
[Site "Devonport, Auckland NZL"]
[Date "2016.01.07"]
[Round "6.19"]
[White "Steadman, Mathew"]
[Black "Braganza, Nadia"]
[Result "0-1"]
[WhiteElo "1473"]
[BlackElo "1129"]
[PlyCount "42"]
[EventDate "2016.01.02"]

1. d3 Nf6 2. f4 g6 3. Nf3 Bg7 4. g3 d5 5. Bg2 O-O 6. O-O c5 7. Qe1 d4 8. c3 Nc6
9. Na3 Rb8 10. Nc4 b5 11. Nce5 Nxe5 12. Nxe5 Rb6 13. e4 Bb7 14. Nf3 dxc3 15.
Qxc3 Nd7 16. Qc2 Rc6 17. Be3 Bd4 18. Bxd4 cxd4 19. Qb3 Qb6 20. Rac1 Nc5 21. Qa3
b4 0-1

[Event "New Zealand Major Open 2016"]
[Site "Devonport, Auckland NZL"]
[Date "2016.01.07"]
[Round "6.20"]
[White "Blackmore, Matthew"]
[Black "Qin, Oscar Shu Xuan"]
[Result "1/2-1/2"]
[WhiteElo "1279"]
[BlackElo "1435"]
[PlyCount "76"]
[EventDate "2016.01.02"]

1. e4 e5 2. Nf3 Nf6 3. d3 Nc6 4. Nc3 Bb4 5. Bd2 d6 6. h3 h6 7. a3 Bxc3 8. Bxc3
Be6 9. Be2 Qd7 10. Qd2 a6 11. Qe3 Qe7 12. d4 exd4 13. Nxd4 Nxd4 14. Bxd4 c5 15.
Bxf6 Qxf6 16. c3 O-O 17. O-O b5 18. Rad1 Rfd8 19. Bf3 Ra7 20. Rd2 Bc4 21. Be2
Bxe2 22. Qxe2 Qe6 23. Rd5 Re7 24. Re1 Qg6 25. Qd2 Rxe4 26. Rxe4 Qxe4 27. Rxd6
Rxd6 28. Qxd6 Qb1+ 29. Kh2 Qxb2 30. Qxc5 Kh7 31. Qf5+ Kg8 32. Qc8+ Kh7 33. Qxa6
Qxc3 34. Qxb5 Qxa3 35. Qf5+ Kg8 36. Qc8+ Kh7 37. Qf5+ Kg8 38. Qc8+ Kh7 1/2-1/2

[Event "New Zealand Major Open 2016"]
[Site "Devonport, Auckland NZL"]
[Date "2016.01.07"]
[Round "6.21"]
[White "Zhang, Toby"]
[Black "Zhang, Leo Li Ao"]
[Result "1-0"]
[WhiteElo "937"]
[BlackElo "1361"]
[PlyCount "167"]
[EventDate "2016.01.02"]

1. Nf3 Nf6 2. g3 Nc6 3. Bg2 e5 4. O-O Bc5 5. d3 d6 6. Nbd2 Be6 7. e4 Bg4 8. h3
Bh5 9. g4 Bg6 10. Re1 Qe7 11. Nf1 h6 12. N1h2 Nd4 13. Nxd4 Bxd4 14. c3 Bb6 15.
d4 O-O 16. dxe5 dxe5 17. Qf3 Rad8 18. h4 Nh7 19. h5 Ng5 20. Bxg5 Qxg5 21. hxg6
Qxg6 22. Qf5 Rfe8 23. Qxg6 fxg6 24. Rad1 c6 25. Nf3 Rxd1 26. Rxd1 Re7 27. g5 h5
28. Nh4 Kh7 29. Bh3 Rf7 30. Rf1 Rf4 31. Ng2 Rxe4 32. Re1 Rxe1+ 33. Nxe1 Bc7 34.
Kf1 Kg8 35. Ke2 Kf7 36. Ke3 Ke7 37. Nd3 Kd6 38. Ke4 Bd8 39. Nxe5 Bxg5 40. Nf7+
Ke7 41. Nxg5 Kf6 42. f4 Ke7 43. f5 gxf5+ 44. Bxf5 Kd6 45. Kd4 c5+ 46. Ke4 b6
47. Bg6 h4 48. Nf3 h3 49. Bf5 g5 50. Bxh3 Kc6 51. Nxg5 Kb5 52. Bf1+ Kc6 53. c4
a6 54. Ke3 b5 55. Ne4 Kb6 56. Nd6 bxc4 57. Nxc4+ Kb5 58. Na3+ Kb4 59. Bxa6 Ka5
60. Bb5 Kb4 61. Kd3 Ka5 62. Kc4 Kb6 63. Nc2 Ka5 64. Ne1 Kb6 65. Nd3 Ka5 66.
Nxc5 Kb6 67. a4 Ka7 68. Kb4 Kb6 69. Nd7+ Ka7 70. Bf1 Ka8 71. Ne5 Ka7 72. Bg2
Kb6 73. a5+ Ka7 74. Kb5 Kb8 75. Kb6 Kc8 76. Nc6 Kd7 77. a6 Kd6 78. a7 Ke6 79.
a8=Q Kf5 80. b4 Kf4 81. Be4 Kxe4 82. Ne5+ Kxe5 83. Kc6 Ke4 84. b5 1-0

[Event "New Zealand Major Open 2016"]
[Site "Devonport, Auckland NZL"]
[Date "2016.01.07"]
[Round "6.22"]
[White "Oka, Itsuki"]
[Black "Li, Leo Xiang Yu"]
[Result "0-1"]
[WhiteElo "362"]
[BlackElo "1222"]
[PlyCount "68"]
[EventDate "2016.01.02"]

1. d4 d5 2. c4 dxc4 3. e4 Nc6 4. Nf3 Bg4 5. d5 Ne5 6. Bf4 Nxf3+ 7. gxf3 Bd7 8.
Bxc4 e6 9. d6 Bxd6 10. Bxd6 cxd6 11. Qxd6 Rc8 12. Be2 Rc1+ 13. Bd1 Qf6 14. Qb8+
Ke7 15. e5 Qxf3 16. Qd6+ Kd8 17. Qf8+ Be8 18. Qd6+ Kc8 19. Rg1 Qe4+ 20. Kd2
Rxb1 21. Qc5+ Bc6 22. Qf8+ Kc7 23. Qd6+ Kb6 24. Qd8+ Ka6 25. Be2+ b5 26. Qc8+
Bb7 27. Qc5 Rxb2+ 28. Kc1 Qxe2 29. Qa3+ Kb6 30. Qd6+ Bc6 31. Qd4+ Ka6 32. Qxb2
Qc4+ 33. Kb1 Be4+ 34. Qc2 Qxc2# 0-1

[Event "New Zealand Major Open 2016"]
[Site "Devonport, Auckland NZL"]
[Date "2016.01.07"]
[Round "6.23"]
[White "Goh, Julien"]
[Black "Fu, Alex"]
[Result "1-0"]
[WhiteElo "1170"]
[BlackElo "1034"]
[PlyCount "127"]
[EventDate "2016.01.02"]

1. e4 e6 2. d3 d5 3. Nd2 c5 4. Ngf3 Nc6 5. g3 Qc7 6. Bg2 b6 7. O-O Bd6 8. Re1
Nf6 9. Nf1 h6 10. Qe2 e5 11. N3d2 Be6 12. Nf3 a5 13. Bd2 Qd7 14. c3 Qc7 15.
Rac1 b5 16. b3 Qd7 17. Ne3 d4 18. Nc2 Ra6 19. cxd4 cxd4 20. Bh1 a4 21. bxa4
bxa4 22. Ra1 Bg4 23. Bg2 Be6 24. a3 Nh7 25. Kh1 f5 26. exf5 Bxf5 27. Nb4 Bxb4
28. Bxb4 Bg4 29. Nxe5 Bxe2 30. Nxd7 Kxd7 31. Bxc6+ Kxc6 32. Rxe2 Kd5 33. Rc1
Rc6 34. Rxc6 Kxc6 35. Re7 g5 36. Re6+ Kd5 37. Rxh6 Ke5 38. Kg2 g4 39. h3 gxh3+
40. Kxh3 Ng5+ 41. Kg4 Rxh6 42. Kxg5 Rf6 43. f4+ Ke6 44. g4 Kf7 45. f5 Rc6 46.
Kh5 Rb6 47. Bc5 Rb3 48. g5 Rxd3 49. g6+ Kg8 50. f6 Rh3+ 51. Kg4 d3 52. f7+ Kg7
53. f8=Q+ Kxg6 54. Qd6+ Kg7 55. Kxh3 d2 56. Qxd2 Kf6 57. Qd5 Kg6 58. Kh4 Kf6
59. Kg4 Kg7 60. Qe6 Kh7 61. Qf6 Kg8 62. Qe7 Kh8 63. Bd4+ Kg8 64. Qg7# 1-0

[Event "New Zealand Major Open 2016"]
[Site "Devonport, Auckland NZL"]
[Date "2016.01.07"]
[Round "6.24"]
[White "Ang, Beatrice Sze Ning"]
[Black "Barry, Jacob"]
[Result "0-1"]
[WhiteElo "1072"]
[BlackElo "911"]
[PlyCount "110"]
[EventDate "2016.01.02"]

1. e4 e5 2. Nf3 Nc6 3. Nc3 Bb4 4. d3 d5 5. exd5 Qxd5 6. Bd2 Bxc3 7. Bxc3 Bg4 8.
Be2 Nf6 9. h3 Bh5 10. O-O O-O 11. Re1 Rad8 12. a3 Rfe8 13. Rb1 g6 14. g4 Nxg4
15. hxg4 Bxg4 16. Nh2 Bh3 17. Bf3 e4 18. dxe4 Qg5+ 19. Kh1 Rxd1 20. Rbxd1 Ne5
21. Bxe5 Rxe5 22. Rg1 Qh4 23. Rd2 Rxe4 24. Rd8+ Kg7 25. Rd2 c6 26. c3 Rf4 27.
Rg3 Rxf3 28. Rxf3 Qe4 29. Rd1 g5 30. Kg1 g4 31. Rg3 h5 32. f3 Qe2 33. Rd4 Qe1+
34. Nf1 Qxf1+ 35. Kh2 Qf2+ 36. Kh1 Qxg3 37. Rd2 Qe1+ 38. Kh2 Qxd2+ 39. Kg3 Qg2+
40. Kf4 Qxf3+ 41. Ke5 Bg2 42. Kd4 Kf6 43. Kc4 Ke6 44. Kb3 Kd5 45. Kb4 b6 46.
Kb3 Kc5 47. a4 Qd1+ 48. Ka3 Bd5 49. c4 Qa1+ 50. Kb3 Bxc4+ 51. Kc2 Kd4 52. Kd2
g3 53. a5 Qxb2+ 54. Kd1 g2 55. axb6 g1=R# 0-1